000 00360nam a22001697a 4500
005 20260616141107.0
020 _a9788199209145
041 _aEnglish
082 _aT16 R25 ARI
100 _aAristotle V
245 _aDindigul Varalaarum Thonmaiyum
250 _a01
260 _aChennai
_bNCBH
_c2025
300 _a187
365 _b155.00
942 _cBK
999 _c177893
_d177893